000 03504nam a22003377a 4500
001 TIC 0021
003 gtcocun
005 20250922201752.0
006 a||||gr|||| 00| 0
007 ta
008 250922b2023 gt ||||| m||| 00| 0 eng d
040 _agtcocun
_bSPA
_cgtcocun
_eRDA
041 _aSPA TIC 0021
084 _0TIC 0021
100 _aDubón Arévalo, Edwin Alberto
_eAutor
245 _aINFORME FINAL DE EJERCICIO PROFESIONAL SUPERVISADO, DISEÑO Y PLANIFICACIÓN DE PUENTE VEHICULAR EN ALDEA CHIJOU Y SISTEMA DE ABASTECIMIENTO DE AGUA POTABLE EN ALDEA CHIXAJAU, Y FORTALECIMIENTO DE LA SEGURIDAD ALIMENTARIA NUTRICIONAL EN COMUNIDADES RURALES, SANTA CRUZ VERAPAZ, ALTA VERAPAZ./
_cEdwin Alberto Dubón Arévalo.
_hImpreso
264 _aCobán, Alta Verapaz:
_bUniversidad de San Carlos de Guatemala, Centro Universitario del Norte, Ingeniería Civil
_c2023
300 _a341 p.:
_bIlustraciones, gráficas.
_c28 cm;
300 _cPDF
336 _2rdacontenido
_aTexto
_btxt
337 _2rdamedio
_aComputadora
_bn
338 _2rdasoporte
_aCódigo en línea
_bcr
502 _eTIC 0021
502 _aTesis de grado
_bIngeniería Civil,
_cUniversidad de San Carlos de Guatemala, Centro Universitario del Norte, Ingeniería Civil
_d2023
_oTIC 0021
520 1 4 _aA través de la realización del Ejercicio Profesional Supervisado de la carrera de Ingeniería Civil con duración de ocho meses, realizado en la Municipalidad del municipio de Santa Cruz Verapaz del departamento de Alta Verapaz, y la integración al programa de Ejercicio Profesional Supervisado Multidisciplinario, se elaboró el presente trabajo de graduación. Para la realización del diagnóstico con personal de la Dirección Municipal de Planificación se analizó el plan operativo anual de la Municipalidad, con el objetivo de establecer las necesidades del municipio y así priorizar las situaciones que requieran una pronta solución referente a los campos de la ingeniería civil, para proceder con el diseño y planificación de obras de infraestructura que solvente las referidas circunstancias. Gracias a la información recopilada en la primer fase se determinó que, la Aldea Chijou necesita un puente vehicular para la libre locomoción con lo cual se genere un mayor índice de desarrollo; la Aldea Chixajau requiere un sistema de abastecimiento de agua potable que pueda satisfacer las demandas de consumo, para poder garantizar una mejora a las condiciones sanitarias; el Caserío Panahá, Caserío San Rafael II y Aldea Chixajau necesitan fortalecer la seguridad alimentaria nutricional para mejorar el desarrollo integral y social. Se elaboran soluciones factibles a través de estudios técnicos, los cuales comprenden pruebas de laboratorios, memoria de cálculo, presupuesto, cronogramas, y planos que incluyen todos los pormenores constructivos para la correcta ejecución del proyecto con base en normas guatemaltecas y códigos de diseño internacional, lo cual garantiza que la comunidad reciba un proyecto seguro, funcional y confiable.
650 1 4 _2LEMB
_aSanta Cruz Verapaz, Alta Verapaz.
_xIngeniería
_xPriorizar
_xObra de Infrastructura
_xPuente Vehicular
_xAgua Potable
_xPlanificación de obras
700 _aInga. Civil. Sindry Yaneth Pacay Morales
_eAsesor
856 _uhttps://drive.google.com/file/d/1ZkGV4sf67yox0fouluat5GcYp2qUVPJz/view
_yPDF
_zUn ejemplar en línea.
942 _2ddc
_cTES
_iTIC 0021
_kClasificación
_n0
_6TIC_0021_000000000000000
999 _c2068
_d2068